000
00327nam a2200145Ia 4500
100
_a
Giles/ Evett
250
_a
3
942
_c
BK
654
_a
Fluid
245
_a
Fluid Mechanics and hydraulics:Schaums outline
260
_b
Tata Mc Graw hill
_a
New Delhi
_c
1994
082
_a
532
_b
GIL
300
_a
378
546
_a
ENGLISH
999
_c
22460
_d
22460